=LDR 00000nam 2200000 4500 =001 INLIS000000000025668 =005 20130612124147 =008 ***********************************Ind** =035 ##$$0010-061300000025668 =041 ##$$a Ind =082 ##$$a 370 =090 ##$$a 370, Roh m =100 ##$$a Rohani, Ahmad =245 ##$$a Media instrusional edukatif, Ahmad Rohani =260 ##$$a 1997 $b Jakarta =300 ##$$a 117 hlm, 21 cm =650 ##$$a Media =850 ##$$a NBPNMAT